书目信息 |
| 题名: |
世界妇女史
|
|
| 作者: | 克莱 , 保罗 , 塞内卡尔 著 ;裔昭印 , 张凯 译 | |
| 分册: | 上卷 从史前至公元1500年 | |
| 出版信息: | 上海 上海人民出版社 2012.04 |
|
| 页数: | 238页 | |
| 开本: | 24cm | |
| 丛书名: | 格致人文读本 | |
| 单 册: | ||
| 中图分类: | D441.9 | |
| 科图分类: | ||
| 主题词: | 妇女运动--历史--世界 , 妇女运动 , 历史 | |
| 电子资源: | ||
| ISBN: | 978-7-5432-2045-4 | |
| 000 | 01396oam2 2200337 450 | |
| 001 | 010700126336 | |
| 005 | 20120612084912.53 | |
| 010 | @a978-7-5432-2045-4@dCNY32.00 | |
| 100 | @a20120416d2012 em y0chiy50 ea | |
| 101 | 1 | @achi@ceng |
| 102 | @aCN@b310000 | |
| 105 | @aa z 001yy | |
| 106 | @ar | |
| 200 | 1 | @a世界妇女史@9shi jie fu nu^ shi@h上卷@i从史前至公元1500年@dEnvisioning women in world history@hVolume 1@iPrehistory-1500@f(美)凯瑟琳·克莱(Catherine Clay),(美)钱德里卡·保罗(Chandrika Paul),(美)克里斯蒂娜·塞内卡尔(Christine Senecal)著@g裔昭印,张凯译@zeng |
| 210 | @a上海@c上海人民出版社@d2012.04 | |
| 215 | @a238页@c图@d24cm | |
| 225 | 2 | @a格致人文读本 |
| 330 | @a本书内容包括:公元前1000年以前欧亚大陆的妇女;古代地中海世界的妇女:希腊古典时代及罗马帝国时期(约公元500-公元500年);笈多王朝的遗产:印度和东南亚(约公元前320-公元1500年)等。 | |
| 461 | 0 | @12001 @a格致人文读本 |
| 510 | 1 | @aEnvisioning women in world history@zeng |
| 606 | 0 | @a妇女运动@x历史@y世界 |
| 606 | 0 | @a妇女运动 |
| 606 | 0 | @a历史 |
| 690 | @aD441.9@v5 | |
| 701 | 0 | @c(美)@a克莱@9ke lai@c(Clay, Catherine)@4著 |
| 701 | 0 | @c(美)@a保罗@9bao luo@c(Paul, Chandrika)@4著 |
| 701 | 0 | @c(美)@a塞内卡尔@9sai nei ka er@c(Senecal, Christine)@4著 |
| 702 | 0 | @a裔昭印@9yi zhao yin@4译 |
| 702 | 0 | @a张凯@9zhang kai@4译 |
| 801 | 0 | @aCN@bRENTIAN@c20120416 |
| 905 | @b539474-78@dD441.9@e23:1@f5 | |
| 世界妇女史.上卷.从史前至公元1500年=Envisioning women in world history.Volume 1.Prehistory-1500/(美)凯瑟琳·克莱(Catherine Clay),(美)钱德里卡·保罗(Chandrika Paul),(美)克里斯蒂娜·塞内卡尔(Christine Senecal)著/裔昭印,张凯译.-上海:上海人民出版社,2012.04 |
| 238页:图;24cm.-(格致人文读本) |
| ISBN 978-7-5432-2045-4:CNY32.00 |
| 本书内容包括:公元前1000年以前欧亚大陆的妇女;古代地中海世界的妇女:希腊古典时代及罗马帝国时期(约公元500-公元500年);笈多王朝的遗产:印度和东南亚(约公元前320-公元1500年)等。 |
| ● |
| 相关链接 |
|
|
|
|
正题名:世界妇女史
索取号:D441.9/23:1
 
预约/预借
| 序号 | 登录号 | 条形码 | 馆藏地/架位号 | 状态 | 备注 |
| 1 | 539474 | 205394740 | 第一样本阅览室/ [索取号:D441.9/23:1] | 在馆 | |
| 2 | 539475 | 205394759 | 第一借阅区/ [索取号:D441.9/23:1] | 在馆 | |
| 3 | 539476 | 205394768 | 第一借阅区/ [索取号:D441.9/23:1] | 在馆 | |
| 4 | 539477 | 205394777 | 第一借阅区/ [索取号:D441.9/23:1] | 在馆 | |
| 5 | 539478 | 205394786 | 第一借阅区/ [索取号:D441.9/23:1] | 在馆 |